000 00772nam a22002177a 4500
999 _c1770
_d1770
003 AR-CdUCM
008 190227b ||||| |||| 00| 0 spa d
040 _aMUNICIPALIDAD PROVINCIAL DEL CUSCO
_cBIBLIOTECA MUNICIPAL DEL CUSCO
082 _a336.04 /
_bM96
100 _aMusgrave, Richard A.
_96498
245 _aEnsayos sobre economía impositiva /
260 _aMexico :
_bFCE ,
_c1964.
300 _a643 páginas ;
_c2 cm.
440 _aSección de obras de economía
_96499
505 _aEquidad -- Bienestar -- Incidencia y efectos de incentivo -- Análisis general -- Impuestos sobre productos y ventas...
650 _aEquidad.
_96500
650 _aEfectos de incentivo.
_96501
650 _aBienestar.
_96502
942 _2ddc
_cLIBROS
945 _awfj
_d2019-02-27